[Event "XI Anibal Open"]
[Site "Linares ESP"]
[Date "2005.02.25"]
[Round "1"]
[White "Korneev,O"]
[Black "Ortiz Fernandez Vega,A"]
[Result "1-0"]
[WhiteElo "2602"]
[BlackElo "2138"]
[EventDate "2005.02.25"]

1. e4 c5 2. Nf3 d6 3. d4 cxd4 4. Nxd4 Nf6 5. Nc3 g6 6. Be3 Bg7 7. f3 O-O 8.
Qd2 Nc6 9. O-O-O Bd7 10. Kb1 Rc8 11. g4 Ne5 12. Be2 b5 13. Ncxb5 Nexg4 14.
fxg4 Nxe4 15. Qd3 Nc5 16. Qa3 a6 17. Nc3 Rb8 18. Bf3 Qc8 19. h3 e5 20. Nb3
e4 21. Nd5 Re8 22. Be2 Bc6 23. Bxc5 dxc5 24. Qxc5 Qb7 25. Rhf1 Re5 26. c4
e3 27. Qd6 Re6 28. Qa3 a5 29. Qxa5 Ra8 30. Qc5 h6 31. Rd3 Bf8 32. Qd4 Bg7
33. Qf4 Qa7 34. Nc1 Bxd5 35. Rxd5 Rb6 36. Rb5 1-0

[Event "XI Anibal Open"]
[Site "Linares ESP"]
[Date "2005.02.25"]
[Round "1"]
[White "Kokolias,K"]
[Black "Sorokin,M"]
[Result "0-1"]
[WhiteElo "2137"]
[BlackElo "2578"]
[EventDate "2005.02.25"]

1. e4 e5 2. Nf3 Nc6 3. Bc4 Nf6 4. d4 exd4 5. O-O Nxe4 6. Re1 d5 7. Bxd5
Qxd5 8. Nc3 Qh5 9. Nxe4 Be6 10. Bg5 Bd6 11. Nxd6+ cxd6 12. Bf4 Qc5 13. Ng5
Qd5 14. c4 Qxc4 15. Bxd6 Qd5 16. Qg4 h5 17. Qf4 O-O-O 18. Ba3 Rh6 19. Ne4
Bf5 20. Rac1 Bxe4 21. Rc5 Qxa2 22. Qxe4 Re6 23. Qf5 g6 24. Qh3 d3 25. Rd1
Qb3 26. Rd2 f5 27. Kf1 Re2 0-1

[Event "XI Anibal Open"]
[Site "Linares ESP"]
[Date "2005.02.25"]
[Round "1"]
[White "Cheparinov,I"]
[Black "San Martin Ramos,L"]
[Result "1-0"]
[WhiteElo "2572"]
[BlackElo "2135"]
[EventDate "2005.02.25"]

1. e4 Nf6 2. e5 Nd5 3. d4 d6 4. c4 Nb6 5. exd6 exd6 6. Nc3 Nc6 7. h3 Bf5 8.
a3 Be7 9. Nf3 Bf6 10. Be2 O-O 11. O-O Re8 12. b3 Bg6 13. Bf4 a6 14. Rc1 d5
15. c5 Nc8 16. b4 N8e7 17. b5 axb5 18. Nxb5 Rc8 19. g4 Be4 20. Qd2 Ng6 21.
Be3 Nh4 22. Nxh4 Bxh4 23. Nc3 Qd7 24. Nxe4 dxe4 25. Rb1 Bf6 26. d5 Ne5 27.
Rxb7 h5 28. Qd1 Red8 29. a4 hxg4 30. hxg4 Nf3+ 31. Bxf3 exf3 32. Qxf3 Qxa4
33. d6 cxd6 34. g5 Bc3 35. Qxf7+ Kh8 36. Qh5+ Kg8 37. g6 Rd7 38. Qh7+ Kf8
39. Qh8+ Ke7 40. Bg5+ 1-0

[Event "XI Anibal Open"]
[Site "Linares ESP"]
[Date "2005.02.25"]
[Round "1"]
[White "Martos Exposito,M"]
[Black "Burmakin,V"]
[Result "0-1"]
[WhiteElo "2130"]
[BlackElo "2554"]
[EventDate "2005.02.25"]

1. e4 c6 2. c4 d5 3. exd5 cxd5 4. cxd5 Nf6 5. Nc3 g6 6. Bc4 Bg7 7. Nge2 O-O
8. O-O b6 9. d3 Bb7 10. Qb3 Na6 11. Bg5 h6 12. Bxf6 Bxf6 13. Ne4 Bg7 14.
Rfe1 Kh7 15. Rad1 Nc7 16. Nf4 Be5 17. Nh3 Bd4 18. Nd2 Nxd5 19. Nf3 Bg7 20.
d4 Qd6 21. Ne5 Rac8 22. Kh1 Rc7 23. Ng1 Nf4 24. f3 e6 25. g3 Nd5 0-1

[Event "XI Anibal Open"]
[Site "Linares ESP"]
[Date "2005.02.25"]
[Round "1"]
[White "Del Rio Angelis,S"]
[Black "Sarto Ramos,A"]
[Result "1-0"]
[WhiteElo "2502"]
[BlackElo "2119"]
[EventDate "2005.02.25"]

1. d4 d5 2. c4 c6 3. Nf3 Nf6 4. Nc3 Bf5 5. cxd5 Nxd5 6. Qb3 Qb6 7. Qxb6
axb6 8. Nxd5 cxd5 9. e3 Nc6 10. Bb5 Bd7 11. Bd2 e6 12. Ke2 Bd6 13. a4 f6
14. Rhb1 Nb4 15. Ra3 Bxb5+ 16. axb5 Rxa3 17. bxa3 Nc2 18. Rc1 Nxd4+ 19.
exd4 Kd7 20. a4 g5 21. g3 h5 22. h4 g4 23. Ne1 e5 24. Be3 Ra8 25. Ra1 exd4
26. Bxd4 Be5 27. Kd3 Kd6 28. Nc2 f5 29. Ne3 f4 30. Nf5+ Ke6 31. Re1 Kxf5
32. Rxe5+ Kg6 33. gxf4 Rxa4 34. f5+ Kf7 35. Rxd5 1-0

[Event "XI Anibal Open"]
[Site "Linares ESP"]
[Date "2005.02.25"]
[Round "1"]
[White "Stoumbos,K"]
[Black "Pogorelov,R"]
[Result "1/2-1/2"]
[WhiteElo "2113"]
[BlackElo "2472"]
[EventDate "2005.02.25"]

1. e4 c5 2. Nf3 Nc6 3. d4 cxd4 4. Nxd4 Qc7 5. Nc3 e6 6. Be3 a6 7. Bd3 Nf6
8. O-O Bd6 9. f4 Nxd4 10. e5 Bc5 11. exf6 Nf5 12. Bxf5 Bxe3+ 13. Kh1 gxf6
14. Qg4 Kf8 15. Qh4 Qd8 16. Qh6+ Ke7 17. Rad1 Qf8 18. Qh3 Ba7 19. Rfe1 Kd8
20. Qh4 Qg7 21. Bh3 Kc7 22. f5 Kb8 23. Nd5 Bc5 24. Nxf6 Ka7 25. c3 h6 26.
Nxd7 Bxd7 27. Rxd7 exf5 28. Bxf5 Qg5 29. Qe4 Rab8 30. b4 Rhe8 31. Rxb7+
Rxb7 32. Qxe8 Qxf5 33. bxc5 Qxc5 34. h3 1/2-1/2

[Event "XI Anibal Open"]
[Site "Linares ESP"]
[Date "2005.02.25"]
[Round "1"]
[White "De la Villa Garcia,J"]
[Black "Szymanska,M"]
[Result "1-0"]
[WhiteElo "2470"]
[BlackElo "2108"]
[EventDate "2005.02.25"]

1. e4 e6 2. d4 d5 3. Nc3 Bb4 4. e5 c5 5. Bd2 Ne7 6. dxc5 Nbc6 7. Qg4 O-O 8.
O-O-O Bxc5 9. Nf3 Ng6 10. Qh5 f6 11. exf6 gxf6 12. Bh6 Rf7 13. Bd3 Nce7 14.
Nh4 Nxh4 15. Qxh4 Qa5 16. Qg4+ Kh8 17. Qh5 Kg8 18. Bxh7+ Kxh7 19. Qxf7+ 1-0

[Event "XI Anibal Open"]
[Site "Linares ESP"]
[Date "2005.02.25"]
[Round "1"]
[White "Kaza,P"]
[Black "Fernandez Romero,Ern"]
[Result "0-1"]
[WhiteElo "2097"]
[BlackElo "2469"]
[EventDate "2005.02.25"]

1. e4 e6 2. d4 d5 3. exd5 exd5 4. c4 Bb4+ 5. Nc3 Ne7 6. Bd3 Nbc6 7. Nge2
dxc4 8. Bxc4 O-O 9. O-O Nf5 10. Bf4 Ba5 11. d5 Nce7 12. Ne4 Ng6 13. Bg5 f6
14. Bf4 Kh8 15. Nc5 Qe7 16. Ne6 Bxe6 17. dxe6 Rfd8 18. Qc2 Nd6 19. Bb3 Nxf4
20. Nxf4 c6 21. Rad1 Bb6 22. Qe2 g6 23. Rd3 Nf5 24. Rh3 Qg7 25. Qg4 Ne7 26.
Bc2 f5 27. Qg5 Kg8 28. Bb3 Bd4 29. Rd3 c5 30. Qg3 Rac8 31. Bc4 Rc6 32. Rfd1
Kh8 33. Ne2 Qf6 34. Nxd4 cxd4 35. Bb3 b5 36. h3 a5 37. a3 Kg7 38. Qf4 Rcd6
39. Rc1 a4 40. Ba2 g5 41. Qf3 Rb6 42. Rc7 Kh6 43. h4 Rg8 44. hxg5+ Rxg5 45.
Qf4 b4 46. Rh3+ Kg6 47. Qh4 h5 48. Rg3 b3 49. Bb1 Rxe6 50. Kh2 Ng8 51. Rg7+
Kxg7 52. Rxg5+ Kh8 53. Qxh5+ Qh6 54. Bxf5 Rf6 55. g4 Ne7 56. Kg3 Qxh5 57.
Rxh5+ Kg8 58. Bd3 Rc6 59. Ra5 Rc2 60. Rxa4 Nc6 61. Bc4+ Kg7 62. Bxb3 Rxb2
63. Bd1 d3 64. Kf3 Rb1 65. Be2 Ne5+ 66. Ke3 Re1 67. Kd2 Rxe2+ 0-1

[Event "XI Anibal Open"]
[Site "Linares ESP"]
[Date "2005.02.25"]
[Round "1"]
[White "De la Paz,F"]
[Black "Gadeo Colomina,F"]
[Result "1-0"]
[WhiteElo "2466"]
[BlackElo "2088"]
[EventDate "2005.02.25"]

1. e4 c6 2. d4 d5 3. Nd2 dxe4 4. Nxe4 Bf5 5. Ng3 Bg6 6. h4 h6 7. f4 e6 8.
Nf3 Nf6 9. Bd3 Bxd3 10. Qxd3 Bd6 11. Bd2 O-O 12. O-O-O c5 13. Ne4 Nxe4 14.
Qxe4 Qc8 15. dxc5 Bxc5 16. Bc3 Qc6 17. Qd3 Qa6 18. Qe4 Qc6 19. Qe2 Qa6 20.
Qe5 f6 1-0

[Event "XI Anibal Open"]
[Site "Linares ESP"]
[Date "2005.02.25"]
[Round "1"]
[White "Vilarnovo Caamano,J"]
[Black "Maze,S"]
[Result "0-1"]
[WhiteElo "2088"]
[BlackElo "2455"]
[EventDate "2005.02.25"]

1. e4 c5 2. Nf3 Nc6 3. d4 cxd4 4. Nxd4 g6 5. Nc3 Bg7 6. Be3 Nf6 7. Bc4 O-O
8. Bb3 d6 9. f3 a5 10. O-O Bd7 11. Kh1 Nxd4 12. Bxd4 a4 13. Bc4 Rc8 14. Qd3
Qa5 15. a3 b5 16. Ba2 b4 17. axb4 Qxb4 18. Bxf6 Bxf6 19. Nd5 Qxb2 20. Bc4
Rxc4 21. Nxf6+ exf6 22. Qxc4 Bb5 23. Qd5 Bxf1 24. Rxf1 a3 0-1

[Event "XI Anibal Open"]
[Site "Linares ESP"]
[Date "2005.02.25"]
[Round "1"]
[White "Bertona,F"]
[Black "Carruana Fuentes,R"]
[Result "1-0"]
[WhiteElo "2437"]
[BlackElo "2086"]
[EventDate "2005.02.25"]

1. e4 c5 2. Nf3 Nc6 3. Bb5 e6 4. Bxc6 bxc6 5. d3 d5 6. O-O Nf6 7. Qe2 Be7
8. c4 O-O 9. b3 a5 10. Nc3 Qc7 11. Ba3 d4 12. Na4 e5 13. Nh4 Nxe4 14. Qxe4
f5 15. Nxf5 Bxf5 16. Qe2 Bd6 17. Bxc5 Qe7 18. Bxd6 Qxd6 19. Rfe1 Rae8 20.
f3 c5 21. Qd2 Qc7 22. Re2 Re7 23. Rae1 Rfe8 24. Nb2 h6 25. Nd1 Bd7 26. Nf2
a4 27. b4 cxb4 28. Qxb4 Re6 29. Rb2 Rg6 30. a3 Bc6 31. Ne4 Qd7 32. Kh1 Rf8
33. Qd2 Qf5 34. Ng3 Qf6 35. Qe2 Qh4 36. Qxe5 Bxf3 37. gxf3 Rg5 38. Qe4 Qh3
39. Qe6+ Qxe6 40. Rxe6 Rxf3 41. Rd2 h5 42. Re4 h4 43. Rxh4 Re3 44. Rxd4
Re1+ 45. Kg2 Ra1 46. Re2 1-0

[Event "XI Anibal Open"]
[Site "Linares ESP"]
[Date "2005.02.25"]
[Round "1"]
[White "Gerona Maura,J"]
[Black "Candela Perez,J"]
[Result "0-1"]
[WhiteElo "2045"]
[BlackElo "2431"]
[EventDate "2005.02.25"]

1. c4 Nf6 2. Nf3 g6 3. d4 Bg7 4. Nc3 d6 5. g3 O-O 6. Bg2 Nbd7 7. O-O e5 8.
e4 c6 9. h3 Qb6 10. c5 dxc5 11. dxe5 Ne8 12. Be3 Qxb2 13. Na4 Qa3 14. Qc2
b6 15. Rab1 Ba6 16. Rfd1 Bb5 17. Rxd7 Qxa4 18. Qxa4 Bxa4 19. Bg5 f6 20. Bf4
fxe5 21. Nxe5 g5 22. Rxg7+ Nxg7 23. Bxg5 Ne6 24. Be3 Rad8 25. f4 Nd4 26.
Bf1 Bc2 27. Bc4+ Kg7 28. Bxd4 Rxd4 29. Re1 Bxe4 30. Bb3 b5 31. Kf2 c4 32.
Ke3 Rfd8 33. Bd1 Rxd1 34. Rxd1 Rxd1 35. Kxe4 c3 0-1

[Event "XI Anibal Open"]
[Site "Linares ESP"]
[Date "2005.02.25"]
[Round "1"]
[White "Rodriguez Guerrero,E"]
[Black "Costello,C"]
[Result "1-0"]
[WhiteElo "2430"]
[BlackElo "2024"]
[EventDate "2005.02.25"]

1. e4 e6 2. d4 d5 3. Nc3 Bb4 4. e5 c5 5. a3 Bxc3+ 6. bxc3 Qc7 7. Qg4 f6 8.
Qg3 Qf7 9. Nf3 Ne7 10. h4 Nbc6 11. exf6 gxf6 12. Qd6 c4 13. Rb1 Rg8 14. h5
Nf5 15. Qh2 Qe7 16. Be2 Nd6 17. Kf1 Ne4 18. Bb2 Bd7 19. Qf4 e5 20. Qe3 exd4
21. Qf4 dxc3 22. Bc1 O-O-O 23. Rh4 Rde8 24. Ng1 Nd4 25. Qe3 Qc5 26. Bd1
Ng3+ 27. fxg3 Rxe3 28. Bxe3 Rg4 29. Bxg4 f5 30. Bf3 Qxa3 31. Rxd4 Qa2 32.
Rc1 Ba4 33. Bxd5 Bxc2 34. Rxc4+ Kd7 35. Rc7+ 1-0

[Event "XI Anibal Open"]
[Site "Linares ESP"]
[Date "2005.02.25"]
[Round "1"]
[White "Yanez Acin,G"]
[Black "Szymanski,M"]
[Result "0-1"]
[WhiteElo "2001"]
[BlackElo "2422"]
[EventDate "2005.02.25"]

1. e4 e6 2. d4 d5 3. Nd2 Nf6 4. e5 Nfd7 5. Bd3 c5 6. c3 Nc6 7. Ne2 Qb6 8.
Nf3 f6 9. exf6 Nxf6 10. O-O Bd6 11. dxc5 Bxc5 12. Qc2 e5 13. Bf5 e4 14.
Nfd4 Bxd4 15. Bxc8 Bxf2+ 16. Rxf2 Rxc8 17. Qb3 Qxb3 18. axb3 O-O 19. h3 a6
20. Be3 Rcd8 21. Nd4 Nxd4 22. Bxd4 Nh5 23. Rxf8+ Rxf8 24. Ra5 Rd8 25. Rc5
Rd7 26. Be3 Kf7 27. c4 Nf6 28. cxd5 Rxd5 29. b4 Rxc5 30. bxc5 Ke6 31. Kf2
Kd5 32. g4 Nd7 33. b4 Kc4 34. Bd2 Kd3 35. Bf4 Nf6 36. Bc1 Nd5 0-1

[Event "XI Anibal Open"]
[Site "Linares ESP"]
[Date "2005.02.25"]
[Round "1"]
[White "Dziuba,M"]
[Black "Gutierrez Leon,C"]
[Result "1-0"]
[WhiteElo "2416"]
[BlackElo "1985"]
[EventDate "2005.02.25"]

1. d4 g6 2. e4 d6 3. c4 Bg7 4. Nc3 c6 5. f4 Nh6 6. Nf3 O-O 7. Be2 a5 8. O-O
f5 9. e5 Qb6 10. Kh1 Na6 11. Be3 Bd7 12. c5 Qc7 13. cxd6 exd6 14. Rc1 Qb8
15. Qb3+ Kh8 16. Ng5 d5 17. Na4 b5 18. Nc5 Nxc5 19. Rxc5 Qe8 20. a4 b4 21.
Rfc1 Qe7 22. Rxc6 Bxc6 23. Rxc6 Ng4 24. Bg1 Rfc8 25. Qxd5 Rxc6 26. Nf7+ Kg8
27. Qxc6 Rf8 28. Ng5 Kh8 29. Ne6 Re8 30. d5 Rg8 31. Nxg7 1-0

[Event "XI Anibal Open"]
[Site "Linares ESP"]
[Date "2005.02.25"]
[Round "1"]
[White "Fernandez Calzada,J"]
[Black "Lorenzini,M"]
[Result "0-1"]
[WhiteElo "1970"]
[BlackElo "2412"]
[EventDate "2005.02.25"]

1. e4 c6 2. d4 d5 3. e5 c5 4. c3 Nc6 5. f4 Nh6 6. Nf3 cxd4 7. cxd4 Bg4 8.
Bb5 Qb6 9. Nc3 e6 10. O-O Nf5 11. Bxc6+ bxc6 12. Ne2 Be7 13. h3 Bxf3 14.
Rxf3 f6 15. g4 Nh4 16. Rb3 Qa6 17. Qe1 f5 18. g5 h6 19. Ng3 hxg5 20. fxg5
Ng6 21. Kg2 f4 22. Ne2 Bxg5 23. Ng1 Nh4+ 24. Kh1 Nf5 25. Ne2 Bh4 26. Qg1
Qxe2 27. Qg6+ Kf8 28. Bxf4 Qe4+ 29. Kg1 Qxf4 30. Qxe6 Qf2+ 31. Kh1 Bg3 0-1

[Event "XI Anibal Open"]
[Site "Linares ESP"]
[Date "2005.02.25"]
[Round "1"]
[White "Guerra Bastida,D"]
[Black "Ortega Morales,P"]
[Result "1-0"]
[WhiteElo "2390"]
[BlackElo "1957"]
[EventDate "2005.02.25"]

1. e4 e5 2. Nf3 Nc6 3. Bb5 Nf6 4. O-O Nxe4 5. d4 Nd6 6. Bxc6 dxc6 7. dxe5
Nf5 8. Qxd8+ Kxd8 9. Nc3 Bd7 10. Rd1 Ke8 11. Ng5 Rd8 12. Bf4 h6 13. Nge4
Be6 14. Rxd8+ Kxd8 15. Rd1+ Kc8 16. g4 Nh4 17. h3 Be7 18. Bg3 Rd8 19. Rxd8+
Kxd8 20. Bxh4 Bxh4 21. f4 b6 22. Kg2 a5 23. Kf3 Be7 24. f5 Bd5 25. Kf4 Kd7
26. a3 Bh4 27. Nd1 c5 28. Ne3 Bxe4 29. Kxe4 Bg5 30. a4 c6 31. Nc4 Bd8 32.
b3 b5 33. Na3 c4 34. axb5 cxb3 35. cxb3 cxb5 36. Nxb5 Kc6 37. Nd4+ Kc5 38.
e6 f6 39. Nc2 Be7 40. Ne3 Bd8 41. Nd5 Kd6 42. Kd4 1-0

[Event "XI Anibal Open"]
[Site "Linares ESP"]
[Date "2005.02.25"]
[Round "1"]
[White "Benito Alba,E"]
[Black "Payen,A"]
[Result "0-1"]
[WhiteElo "1914"]
[BlackElo "2384"]
[EventDate "2005.02.25"]

1. d4 d5 2. Nf3 c6 3. c4 Nf6 4. Nc3 e6 5. Bg5 Nbd7 6. e3 Qa5 7. Bxf6 Nxf6
8. Bd3 Bb4 9. Qc2 c5 10. O-O dxc4 11. Bxc4 cxd4 12. Nxd4 Bxc3 13. bxc3 Bd7
14. Qd3 O-O 15. Rab1 Qc7 16. Rfc1 Rfd8 17. Qe2 a6 18. Bd3 e5 19. Nb3 e4 20.
Bc2 Bb5 21. Qe1 Ng4 22. g3 Ne5 23. Bxe4 Bd3 24. Bg2 Bxb1 25. Rxb1 Rac8 26.
Nd4 b5 27. a4 bxa4 28. Qd1 a3 29. f4 Qxc3 30. Rb3 Qc1 31. Qxc1 Rxc1+ 32.
Kf2 Ng4+ 33. Ke2 a2 0-1

[Event "XI Anibal Open"]
[Site "Linares ESP"]
[Date "2005.02.25"]
[Round "1"]
[White "Ivanov,J"]
[Black "Diaz Begonte,M"]
[Result "1-0"]
[WhiteElo "2354"]
[BlackElo "1862"]
[EventDate "2005.02.25"]

1. Nf3 c6 2. c4 d5 3. e3 Bg4 4. cxd5 Qxd5 5. Be2 Nf6 6. Nc3 Qa5 7. Qb3 Qb6
8. Qa4 Nbd7 9. d4 e6 10. O-O Bd6 11. e4 Bxf3 12. Bxf3 e5 13. d5 O-O 14.
dxc6 bxc6 15. Qc2 Rab8 16. b3 a6 17. Be3 Qb7 18. Na4 Rfd8 19. Be2 c5 20. f3
Rdc8 21. Rfd1 Be7 22. Rac1 Rc7 23. Nb2 Rbc8 24. Nc4 Ne8 25. f4 f6 26. Bg4
Rd8 27. Bxd7 Rcxd7 28. Rxd7 Qxd7 29. fxe5 fxe5 30. Nxe5 Qe6 31. Qc4 Nc7 32.
Nc6 Qxc4 1-0

[Event "XI Anibal Open"]
[Site "Linares ESP"]
[Date "2005.02.25"]
[Round "1"]
[White "Bardin,C"]
[Black "Aloma Vidal,R"]
[Result "0-1"]
[WhiteElo "1831"]
[BlackElo "2329"]
[EventDate "2005.02.25"]

1. e4 c5 2. c4 Nc6 3. Ne2 e6 4. d4 cxd4 5. Nxd4 Bb4+ 6. Bd2 Bc5 7. Nb3 Bb6
8. c5 Bc7 9. Nc3 Nge7 10. Be2 O-O 11. O-O f5 12. exf5 Nxf5 13. f4 b6 14.
Nb5 bxc5 15. Nxc7 Qxc7 16. Rc1 d6 17. Bf3 Rb8 18. Qe1 Ncd4 19. Nxd4 Nxd4
20. b3 Bd7 21. Be4 Bb5 22. Rf2 Rbe8 23. Bc3 Qb6 24. Bxd4 cxd4 25. Rd2 Rxf4
26. Qg3 Rxe4 0-1

[Event "XI Anibal Open"]
[Site "Linares ESP"]
[Date "2005.02.25"]
[Round "1"]
[White "Braslavskij,A"]
[Black "Basas Gamazo,J"]
[Result "1-0"]
[WhiteElo "2296"]
[BlackElo "2040"]
[EventDate "2005.02.25"]

1. e4 c5 2. Nf3 d6 3. d4 cxd4 4. Nxd4 Nf6 5. Nc3 a6 6. Bc4 e6 7. Bb3 Be7 8.
g4 Nc6 9. g5 Nxd4 10. Qxd4 Nh5 11. Rg1 Qa5 12. Be3 O-O 13. O-O-O Bd7 14. e5
d5 15. Qg4 g6 16. Nxd5 1-0

[Event "XI Anibal Open"]
[Site "Linares ESP"]
[Date "2005.02.26"]
[Round "2"]
[White "Sorokin,M"]
[Black "Vila Gazquez,Ja"]
[Result "1-0"]
[WhiteElo "2578"]
[BlackElo "2307"]
[EventDate "2005.02.25"]

1. Nf3 Nf6 2. c4 e6 3. g3 d5 4. Bg2 dxc4 5. Qa4+ Nbd7 6. Qxc4 Be7 7. O-O
O-O 8. d4 Rb8 9. Nc3 a6 10. a4 Nb6 11. Qb3 Nbd5 12. Ne5 Bd7 13. e4 Nxc3 14.
Qxc3 Bd6 15. Be3 c6 16. a5 Rc8 17. Rfd1 h6 18. Qb3 Rb8 19. Nc4 Bc7 20. Bd2
b5 21. axb6 Bxb6 22. Qa3 Ng4 23. Qf3 e5 24. h3 f5 25. hxg4 fxg4 26. Qd3
Bxd4 27. Be3 c5 28. Nxe5 Rxb2 29. Bxd4 cxd4 30. Qc4+ Kh7 31. Nd3 Bb5 32.
Qd5 Qxd5 33. exd5 Rb3 34. Nf4 Rb4 35. Ne6 Rf6 36. Rxd4 Rb2 37. Rf4 Rd2 38.
Rxf6 gxf6 39. Be4+ Kg8 40. Rc1 f5 41. Bxf5 Kf7 42. Bxg4 1-0

[Event "XI Anibal Open"]
[Site "Linares ESP"]
[Date "2005.02.26"]
[Round "2"]
[White "Vuilleumier,A"]
[Black "Cheparinov,I"]
[Result "0-1"]
[WhiteElo "2280"]
[BlackElo "2572"]
[EventDate "2005.02.25"]

1. e4 c5 2. Nf3 d6 3. Bb5+ Nd7 4. d4 Ngf6 5. Nc3 a6 6. Bxd7+ Nxd7 7. d5 g6
8. h4 Nf6 9. Bg5 Bg7 10. Qd2 h6 11. Bf4 Ng4 12. Nd1 b5 13. c3 Nf6 14. Qc2
e6 15. dxe6 Bxe6 16. Ne3 Qb6 17. O-O O-O 18. Rad1 Rad8 19. c4 Rfe8 20. Bxd6
Ng4 21. Bf4 Nxe3 22. Bxe3 bxc4 23. Rxd8 Rxd8 24. e5 Rb8 25. Rc1 Qxb2 26.
Bxc5 Bd5 27. Bd6 Qxc2 28. Rxc2 Rc8 29. Nd2 f6 30. exf6 Bxf6 31. Bf4 g5 32.
hxg5 hxg5 33. Be3 c3 34. Nb3 Be4 35. Rc1 c2 36. Bd4 Bxd4 37. Nxd4 Rd8 38.
Nb3 Rd1+ 39. Kh2 a5 40. a4 Bd5 41. Rxc2 Bxb3 42. Rc3 Be6 43. Rg3 g4 44. f3
Rd4 45. fxg4 Rxa4 46. Re3 Bxg4 47. Re7 Rd4 48. Ra7 a4 49. Kg3 Bd7 50. Kf2
Kf7 51. Ke3 Rd6 0-1

[Event "XI Anibal Open"]
[Site "Linares ESP"]
[Date "2005.02.26"]
[Round "2"]
[White "Karim,I"]
[Black "De la Villa Garcia,J"]
[Result "0-1"]
[WhiteElo "2249"]
[BlackElo "2470"]
[EventDate "2005.02.25"]

1. e4 e6 2. d4 d5 3. Nc3 Bb4 4. e5 c5 5. a3 Ba5 6. b4 cxd4 7. Qg4 Ne7 8.
bxa5 dxc3 9. Qxg7 Rg8 10. Qxh7 Nd7 11. Nf3 Qc7 12. Bf4 Nf8 13. Qd3 Nfg6 14.
Bg3 Nf5 15. Qb5+ Bd7 16. Qb4 Nxg3 17. hxg3 Nxe5 18. Rb1 O-O-O 19. a6 b6 20.
Rh5 Rg4 21. Qe7 Re4+ 22. Kd1 Re8 23. Qf6 Ng4 24. Qxf7 Nxf2+ 25. Kc1 Qxg3
26. Rb3 Qxf3 27. Qxf3 0-1

[Event "XI Anibal Open"]
[Site "Linares ESP"]
[Date "2005.02.26"]
[Round "2"]
[White "Fernandez Romero,Ern"]
[Black "Ortega Ruiz,J"]
[Result "1/2-1/2"]
[WhiteElo "2469"]
[BlackElo "2278"]
[EventDate "2005.02.25"]

1. e4 e5 2. Nf3 Nc6 3. Bb5 f5 4. Bxc6 dxc6 5. Nc3 Nf6 6. Qe2 Bd6 7. d3 O-O
8. h3 Qe7 9. exf5 Bxf5 10. Bg5 Qf7 11. Bxf6 gxf6 12. Ne4 Bd7 13. g4 f5 14.
gxf5 Bxf5 15. Nfd2 Bg6 16. Ng3 e4 17. dxe4 Rae8 18. Rg1 1/2-1/2

[Event "XI Anibal Open"]
[Site "Linares ESP"]
[Date "2005.02.26"]
[Round "2"]
[White "Recuero Guerra,D"]
[Black "De la Paz,F"]
[Result "0-1"]
[WhiteElo "2241"]
[BlackElo "2466"]
[EventDate "2005.02.25"]

1. e4 e5 2. Nf3 Nc6 3. Bb5 Bc5 4. O-O Nf6 5. Nxe5 Nxe4 6. Qe1 Nxe5 7. Qxe4
Qe7 8. Nc3 Nc6 9. Qxe7+ Nxe7 10. Re1 O-O 11. d4 Bb4 12. a3 Bxc3 13. bxc3
Nf5 14. Bf4 d6 15. Bd3 Bd7 16. Be4 Rab8 17. g4 Nh4 18. Bg3 Ng6 19. Bf5 Rfd8
20. c4 Rbc8 21. Re3 Nf8 22. Rae1 Bxf5 23. gxf5 f6 24. Kf1 Nd7 25. Ke2 Kf8
26. Kd3 Nb8 27. Bf4 Nc6 28. Rg1 Kf7 29. d5 Nb8 30. Rh3 Rh8 31. Rhg3 Rhg8
32. Rh3 h6 33. Rhg3 Nd7 34. Kd4 Rce8 35. h4 Nc5 36. f3 h5 37. R3g2 a6 38.
Kc3 b5 39. Kd4 Rb8 40. Be3 Nd7 41. Bf4 bxc4 42. Kxc4 Rb5 43. Bh6 Ne5+ 44.
Kc3 g6 45. fxg6+ Rxg6 46. Rxg6 Nxg6 47. Kd4 Ra5 48. f4 Rxa3 49. f5 Ne7 50.
Rg7+ Ke8 51. Rh7 Nxf5+ 52. Ke4 Ne7 53. Rh8+ Kd7 54. Rh7 Ke8 55. Rh8+ Kd7
56. Rh7 Ra1 57. Bf8 Re1+ 58. Kd4 a5 59. Bxe7 Rxe7 60. Rxh5 a4 61. Rf5 a3
62. Rf3 Rh7 63. Kc3 Rxh4 64. Kb3 Ke7 65. Kxa3 Rd4 66. Rc3 Rxd5 67. Rxc7+
Ke6 68. Kb3 f5 69. Rc8 f4 70. Re8+ Kf5 71. c4 Re5 72. Rf8+ Kg4 73. Kc3 f3
74. Kd3 Re6 75. Kd4 Kg3 76. Kd5 Rg6 77. Ke4 f2 78. Ke3 Re6+ 79. Kd4 Kg2 80.
Rg8+ Kf3 81. Rf8+ Ke2 82. Kd5 Rg6 83. Re8+ Kf3 0-1

[Event "XI Anibal Open"]
[Site "Linares ESP"]
[Date "2005.02.26"]
[Round "2"]
[White "Maze,S"]
[Black "Parfjonov,P"]
[Result "1-0"]
[WhiteElo "2455"]
[BlackElo "2262"]
[EventDate "2005.02.25"]

1. e4 c5 2. Nf3 e6 3. c4 Nc6 4. Nc3 a6 5. d4 cxd4 6. Nxd4 Qc7 7. a3 Nf6 8.
Be2 d6 9. Be3 Be7 10. Rc1 O-O 11. O-O Ne5 12. f4 Ned7 13. Bf3 g6 14. g4 Ne8
15. g5 Qd8 16. h4 e5 17. Nde2 f6 18. Nd5 fxg5 19. fxg5 Ng7 20. Nec3 Kh8 21.
b4 Rb8 22. Bg4 1-0

[Event "XI Anibal Open"]
[Site "Linares ESP"]
[Date "2005.02.26"]
[Round "2"]
[White "Fernandes,R"]
[Black "Bertona,F"]
[Result "0-1"]
[WhiteElo "2226"]
[BlackElo "2437"]
[EventDate "2005.02.25"]

1. c4 e6 2. Nf3 d5 3. e3 Nf6 4. Be2 dxc4 5. Bxc4 Bd6 6. Nc3 O-O 7. d4 Nc6
8. O-O e5 9. Nb5 e4 10. Nxd6 Qxd6 11. Nd2 Ng4 12. g3 Qh6 13. h4 Qg6 14. Re1
Ne7 15. Bf1 Nf5 16. Nxe4 Nxh4 17. f3 f5 18. fxg4 fxe4 19. gxh4 Bxg4 20. Qd2
Rxf1+ 21. Rxf1 Be2+ 22. Kf2 Rf8+ 23. Kxe2 Qg2+ 24. Kd1 Rxf1+ 25. Kc2 Rf2
0-1

[Event "XI Anibal Open"]
[Site "Linares ESP"]
[Date "2005.02.26"]
[Round "2"]
[White "Candela Perez,J"]
[Black "Navarro Torres,P"]
[Result "1/2-1/2"]
[WhiteElo "2431"]
[BlackElo "2232"]
[EventDate "2005.02.25"]

1. d4 Nf6 2. c4 g6 3. Nc3 Bg7 4. e4 d6 5. Nf3 O-O 6. h3 Na6 7. Bg5 c5 8. d5
h6 9. Bf4 Nh5 10. Bh2 f5 11. e5 Qb6 12. Bd3 dxe5 13. Bxe5 Bxe5 14. Nxe5 Qf6
15. Nf3 e5 16. dxe6 Bxe6 1/2-1/2

[Event "XI Anibal Open"]
[Site "Linares ESP"]
[Date "2005.02.26"]
[Round "2"]
[White "Canabate Carmona,F"]
[Black "Rodriguez Guerrero,E"]
[Result "0-1"]
[WhiteElo "2110"]
[BlackElo "2430"]
[EventDate "2005.02.25"]

1. c4 c5 2. Nc3 Nc6 3. g3 g6 4. Bg2 Bg7 5. e4 a6 6. Nge2 b5 7. cxb5 axb5 8.
Nxb5 Ba6 9. a4 Bxb5 10. axb5 Rxa1 11. bxc6 0-1

[Event "XI Anibal Open"]
[Site "Linares ESP"]
[Date "2005.02.26"]
[Round "2"]
[White "Szymanski,M"]
[Black "Breivik,L"]
[Result "1-0"]
[WhiteElo "2422"]
[BlackElo "2221"]
[EventDate "2005.02.25"]

1. d4 Nf6 2. c4 c5 3. d5 e6 4. Nc3 exd5 5. cxd5 d6 6. e4 g6 7. Bd3 Bg7 8.
h3 O-O 9. Nf3 Bd7 10. Bf4 Re8 11. O-O b5 12. Bxd6 b4 13. e5 bxc3 14. exf6
Qxf6 15. Bxc5 cxb2 16. Rb1 Qc3 17. Be3 a5 18. Qd2 Qxd2 19. Nxd2 Na6 20. a3
Nc7 21. d6 Nb5 22. Nc4 Be6 23. Nb6 Nxa3 24. Nxa8 Rxa8 25. Rbd1 Bb3 26. Bc5
Bxd1 27. Rxd1 b1=Q 28. Bxb1 Nxb1 29. d7 Bf6 30. Rxb1 a4 31. Re1 1-0

[Event "XI Anibal Open"]
[Site "Linares ESP"]
[Date "2005.02.26"]
[Round "2"]
[White "Pena Riasco,A"]
[Black "Dziuba,M"]
[Result "0-1"]
[WhiteElo "2196"]
[BlackElo "2416"]
[EventDate "2005.02.25"]

1. d4 Nf6 2. c4 d6 3. Nf3 Nbd7 4. Nc3 e5 5. d5 Be7 6. e4 O-O 7. Be2 c6 8.
O-O a6 9. Ne1 cxd5 10. cxd5 b5 11. Nd3 Nb6 12. Nb4 Bd7 13. Be3 Rc8 14. f3
Nc4 15. Bxc4 Rxc4 16. a3 Qa8 17. Rf2 Rfc8 18. Rc2 Bd8 19. Rac1 Qb7 20. b3
R4c7 21. Qd2 a5 22. Nd3 Ne8 23. g4 g6 24. Kh1 Kh8 25. Ne2 Rxc2 26. Rxc2 f5
27. gxf5 gxf5 28. Rxc8 Bxc8 29. Qc3 Nf6 30. Nf2 Kg8 31. Qc6 Qxc6 32. dxc6
d5 33. Ba7 Kf7 34. Nc3 Ke6 35. Nxb5 dxe4 36. fxe4 fxe4 37. Be3 Nd5 38. Bc5
e3 39. Ne4 e2 40. Bf2 Bb6 41. Bg3 Ne7 42. Nbc3 Ba6 43. Kg2 Nxc6 44. Na4 Kf5
45. Nd6+ Ke6 46. Ne4 Kd5 47. Nec3+ Kd4 48. Bf2+ Kd3 49. Nxe2 Bxf2 50. Kxf2
Kc2 51. Ng3 Bb5 52. Nc5 Nd4 53. b4 a4 54. Nge4 Kb2 55. Nf6 Kxa3 56. Nxh7
Kxb4 57. Nxa4 Bxa4 58. Nf6 Kc5 59. h4 Kd6 60. Ne4+ Ke7 61. h5 Bc2 62. Nd2
Kf6 63. Ke3 Nf5+ 64. Kf2 Bd1 65. Ne4+ Ke7 66. Nd2 Bxh5 67. Nc4 e4 68. Nb2
Ke6 69. Nc4 Kd5 70. Nb2 e3+ 71. Ke1 Kd4 72. Na4 Nd6 73. Nb6 Nc4 0-1